000 01271caa a22002415a 4500
001 E142444
008 080214e20071219stk f s000 0 eng d
020 _a9780755968916
035 _a(Sirsi) u142444
041 0 _aeng
110 1 _aScotland
_bScottish Government
_95344
245 4 0 _aCrofters (Scotland) Act 1993 and Crofting Reform etc. Act 2007
_bconsultation on designation of new areas for crofting
_h[electronic resource]
260 _aEdinburgh
_bScottish Government
_c2007
520 _aConsultation on proposals to designate new areas in Scotland, outwith the Crofting Counties, where crofts can be created. This would involve new designation areas of the isles of Arran, Bute, Greater and Little Cumbrae; the local government area of Highland not currently within the Crofting Counties and the local government area of Moray.
520 _aResponses submitted by 12 March 2008
590 _aKA
650 2 4 _aCROFTERS (SCOTLAND) ACT 1993
650 2 4 _aCROFTING REFORM ETC. ACT 2007
651 4 _aScotland
_y1999-
690 _aPROPERTY-RURAL AND NATURAL ASSETS-AGRICULTURAL PROPERTY
856 4 0 _uhttps://www.scotland.gov.uk/Publications/2007/12/18094859/0
_zView the consultation free of charge at www.scotland.gov.uk/consultations...
942 _n0
999 _c107888
_d107888